[Event "17.Città di Padova Open A"]
[Site "Padova"]
[Date "2014.12.16"]
[Round "4.16"]
[White "Lanzani, Mario"]
[Black "Petkov, Vladimir"]
[Result "1/2-1/2"]
[WhiteElo "2302"]
[BlackElo "2525"]
[Annotator "Gabriele Ballarin"]
[PlyCount "132"]
[EventDate "2014.12.14"]
[EventType "swiss"]
[EventRounds "9"]
[EventCountry "ITA"]

1. c4 e5 2. e3 Nc6 3. Nc3 f5 4. d4 Bb4 5. Nge2 Nf6 6. a3 Bxc3+ 7. Nxc3 e4 8. d5 Ne5 9. d6 cxd6 10. Qxd6 Nf7 11. Qd4 O-O 12. Be2 a5 13. b3 Ra6 14. c5 Rc6 15. Bb5 Rc7 16. Bc4 b6 17. cxb6 Rc6 18. Nd5 Nxd5 19. Bxd5 Rxb6 20. Bb2 Rg6 21. O-O-O Qe7 22. Kb1 d6 23. f4 Be6 24. g3 Rb8 25. Ka2 Nh6 26. Bxe6+ Qxe6 27. Qd5 Ng4 28. Qxe6+ Rxe6 29. Rd5 a4 30. bxa4 Nxe3 31. Rb5 Rbe8 32. Rc1 Ng4 33. a5 e3 34. a6 R6e7 35. Rb7 e2 36. Bc3 Nf2 37. Ba5 Nd3 38. Rcc7 Rxc7 39. Rxc7 h5 40. a7 Kh7 41. Re7 Ra8 42. Kb3 h4 43. Kc4 e1=Q 44. Bxe1 Nxe1 45. Rxe1 Rxa7 46. Ra1 Rc7+ 47. Kd3 Kg6 48. a4 Kh5 49. gxh4 Kg4 50. a5 Kxf4 51. a6 Ra7 52. Kc4 Ke3 53. Ra3+ Ke4 54. Kb5 f4 55. Kb6 Ra8 56. Kb7 Rf8 57. a7 f3 58. a8=Q Rxa8 59. Rxa8 f2 60. Rf8 Ke3 61. Kc6 Ke2 62. Kxd6 f1=Q 63. Rxf1 Kxf1 64. Ke6 Kg2 65. Kf7 Kh3 66. h5 Kh4 1/2-1/2

[Event "17.Città di Padova Open A"]
[Site "Padova"]
[Date "2014.12.16"]
[Round "4.17"]
[White "Rombaldoni, Axel"]
[Black "Dimitrijeski, Boris"]
[Result "1-0"]
[WhiteElo "2505"]
[BlackElo "2251"]
[Annotator "Gabriele Ballarin"]
[PlyCount "107"]
[EventDate "2014.12.14"]
[EventType "swiss"]
[EventRounds "9"]
[EventCountry "ITA"]

1. d4 d5 2. c4 c6 3. Nf3 Nf6 4. Nbd2 Bf5 5. Nh4 Be6 6. e3 g6 7. Be2 Bg7 8. O-O O-O 9. Nhf3 h6 10. b3 a5 11. Bb2 Na6 12. a3 Bf5 13. Nh4 Bd7 14. Qc2 c5 15. cxd5 cxd4 16. Bxd4 Nxd5 17. Bc4 e6 18. Bxd5 exd5 19. Qb2 Bxd4 20. Qxd4 Nc7 21. Nhf3 Bc6 22. Qf4 Kg7 23. Nd4 Ne6 24. Nxe6+ fxe6 25. Qg3 Qb8 26. f4 Qa7 27. Rae1 Bb5 28. Rf2 Qc5 29. e4 d4 30. f5 Rf6 31. b4 axb4 32. axb4 Qc3 33. Qe5 Ra1 34. Rxa1 Qxa1+ 35. Nf1 Bxf1 36. Rxf1 Qa6 37. Qxd4 exf5 38. e5 Re6 39. Qd7+ Kf8 40. Qh7 Qb6+ 41. Kh1 Qxb4 42. Rd1 Qe7 43. Qh8+ Kf7 44. Rd5 Rc6 45. h3 f4 46. Rd4 Ke6 47. Rd8 Qxd8 48. Qxd8 Kf5 49. Qb8 Re6 50. Qxb7 Rxe5 51. Qf7+ Kg5 52. h4+ Kg4 53. Qxg6+ Kxh4 54. Qf6+ 1-0

[Event "17.Città di Padova Open A"]
[Site "Padova"]
[Date "2014.12.16"]
[Round "4.18"]
[White "Sorbera, Giovanni"]
[Black "Mrdja, Milan"]
[Result "0-1"]
[WhiteElo "2166"]
[BlackElo "2383"]
[Annotator "Gabriele Ballarin"]
[PlyCount "29"]
[EventDate "2014.12.14"]
[EventType "swiss"]
[EventRounds "9"]
[EventCountry "ITA"]

1. e4 g6 2. d4 Bg7 3. Nc3 d6 4. Be3 a6 5. a4 b6 6. Qd2 Nd7 7. g4 Bb7 8. Bg2 e6 9. g5 Ne7 10. Nge2 O-O 11. h4 d5 12. h5 Re8 13. hxg6 hxg6 14. f3 c5 15. Bh3 {Nur} 0-1

[Event "17.Città di Padova Open A"]
[Site "Padova"]
[Date "2014.12.16"]
[Round "4.19"]
[White "Quaranta, Cristiano"]
[Black "Aghayev, Miragha"]
[Result "0-1"]
[WhiteElo "2169"]
[BlackElo "2372"]
[Annotator "Gabriele Ballarin"]
[PlyCount "60"]
[EventDate "2014.12.14"]
[EventType "swiss"]
[EventRounds "9"]
[EventCountry "ITA"]

1. Nf3 c5 2. c4 Nf6 3. Nc3 d5 4. cxd5 Nxd5 5. g3 Nc6 6. Bg2 Nc7 7. O-O e5 8. a3 Rb8 9. Rb1 f6 10. e3 Bf5 11. Ra1 Bd3 12. Ne2 Be7 13. Ne1 Bc4 14. b3 Bd5 15. f4 O-O 16. Qc2 Bxg2 17. Nxg2 Qd5 18. Bb2 Rbd8 19. Rad1 Na5 20. fxe5 fxe5 21. Qc3 Rxf1+ 22. Rxf1 Nc6 23. Rd1 Bf6 24. Qc2 Na5 25. b4 Qc4 26. Nc3 cxb4 27. axb4 Nc6 28. Ba3 Nb5 29. Qa4 Nxa3 30. Qxa3 Be7 0-1

[Event "17.Città di Padova Open A"]
[Site "Padova"]
[Date "2014.12.16"]
[Round "4.20"]
[White "Codenotti, Marco"]
[Black "Lantini, Marco"]
[Result "1-0"]
[WhiteElo "2345"]
[BlackElo "2057"]
[Annotator "Gabriele Ballarin"]
[PlyCount "81"]
[EventDate "2014.12.14"]
[EventType "swiss"]
[EventRounds "9"]
[EventCountry "ITA"]

1. e4 e5 2. Nf3 Nc6 3. Bb5 a6 4. Ba4 Nf6 5. O-O Be7 6. Re1 b5 7. Bb3 d6 8. c3 O-O 9. d4 Bg4 10. d5 Na5 11. Bc2 Qc8 12. h3 Bd7 13. Nbd2 c6 14. dxc6 Qxc6 15. Nf1 Rac8 16. Bd3 Nb7 17. Bg5 Nc5 18. Rc1 Qb7 19. Bc2 Rfd8 20. Ng3 Be6 21. b4 Ncd7 22. Bb3 Nf8 23. Nh2 d5 24. Bxf6 Bxf6 25. Qf3 d4 26. cxd4 Rxc1 27. Rxc1 Rxd4 28. Ng4 Bg5 29. Rc5 Bxb3 30. Qxb3 Be7 31. Rxe5 Rxb4 32. Qd3 Ng6 33. Rd5 Qc7 34. Nf5 Bf8 35. Rd8 Qc1+ 36. Kh2 Qf4+ 37. g3 Qc7 38. Qd2 Rc4 39. Re8 h5 40. Nf6+ Kh8 41. Qe2 1-0

[Event "17.Città di Padova Open A"]
[Site "Padova"]
[Date "2014.12.16"]
[Round "4.21"]
[White "Moroni, Luca Jr"]
[Black "Boraso, Alessio"]
[Result "1-0"]
[WhiteElo "2321"]
[BlackElo "2166"]
[Annotator "Gabriele Ballarin"]
[PlyCount "93"]
[EventDate "2014.12.14"]
[EventType "swiss"]
[EventRounds "9"]
[EventCountry "ITA"]

1. c4 Nf6 2. Nf3 g6 3. b3 Bg7 4. Bb2 O-O 5. g3 d6 6. d4 c5 7. Bg2 Nc6 8. Nc3 Rb8 9. O-O Bf5 10. d5 Na5 11. Nd2 a6 12. e4 Bd7 13. Qe2 b5 14. Rab1 Re8 15. h3 e6 16. dxe6 Bxe6 17. cxb5 axb5 18. Nxb5 Qd7 19. a4 Bxh3 20. Qd3 Bxg2 21. Kxg2 Rbd8 22. Rbd1 Qc6 23. Qf3 Nxe4 24. Bxg7 Nxd2 $11 25. Qxc6 Nxc6 26. Rxd2 Kxg7 27. Rxd6 Na5 28. Rc1 Nxb3 29. Rc3 Rxd6 30. Nxd6 Rb8 31. Nb5 Nd4 32. Rxc5 Nxb5 33. axb5 Kf6 34. Kf3 h5 35. Kf4 Ke6 36. Ke4 Kd6 37. Kd4 h4 38. gxh4 Rh8 39. Rc6+ Kd7 40. Kc5 Rxh4 41. Rd6+ Kc8 42. Rf6 g5 43. Rxf7 g4 44. Kb6 Rh1 45. Rf8+ Kd7 46. Kb7 Rf1 47. Rf4 1-0

[Event "17.Città di Padova Open A"]
[Site "Padova"]
[Date "2014.12.16"]
[Round "4.22"]
[White "Drazic, Sinisa"]
[Black "Viaggi, Stefano"]
[Result "1-0"]
[WhiteElo "2438"]
[BlackElo "2058"]
[Annotator "Gabriele Ballarin"]
[PlyCount "58"]
[EventDate "2014.12.14"]
[EventType "swiss"]
[EventRounds "9"]
[EventCountry "ITA"]

1. e4 g6 2. h4 d5 3. exd5 Nf6 4. h5 Qxd5 5. hxg6 fxg6 6. Nc3 Qe5+ 7. Nge2 Nc6 8. d4 Qf5 9. a3 Nd5 10. Nxd5 Qxd5 11. Be3 Bg7 12. Nc3 Qf7 13. d5 Ne5 14. f3 Bf5 15. Qe2 O-O 16. O-O-O Rad8 17. Bh6 c6 18. Bxg7 Qxg7 19. Qe3 cxd5 20. Rxd5 Rxd5 21. Nxd5 Rc8 22. Nc3 Nc6 23. Bc4+ Kh8 24. Rd1 e5 25. g4 Nd4 26. gxf5 Rxc4 27. fxg6 hxg6 28. Kb1 a6 29. Qe4 Qf7 1-0

[Event "17.Città di Padova Open A"]
[Site "Padova"]
[Date "2014.12.16"]
[Round "4.23"]
[White "Naumkin, Igor"]
[Black "Messina, Roberta"]
[Result "1-0"]
[WhiteElo "2436"]
[BlackElo "2033"]
[Annotator "Gabriele Ballarin"]
[PlyCount "53"]
[EventDate "2014.12.14"]
[EventType "swiss"]
[EventRounds "9"]
[EventCountry "ITA"]

1. d4 d5 2. c4 e6 3. Nf3 c6 4. e3 Nf6 5. Nc3 Nbd7 6. Qc2 Be7 7. Bd3 a6 8. e4 dxc4 9. Bxc4 c5 10. e5 Ng4 11. Qe4 cxd4 12. Qxg4 dxc3 13. Qxg7 Rf8 14. O-O Qc7 15. Bb3 b6 16. Bf4 Bb7 17. Rac1 Bf6 18. Qg3 Bh8 19. Rxc3 Qb8 20. Re1 Nc5 21. Bc2 Kd7 22. b4 Rg8 23. Qh3 Bxf3 24. Qxf3 Nb7 25. Qc6+ Ke7 26. Qc7+ Ke8 27. Qxb6 {abb.} 1-0

[Event "17.Città di Padova Open A"]
[Site "Padova"]
[Date "2014.12.16"]
[Round "4.25"]
[White "Santeramo, Alessia Carmen"]
[Black "Di Lazzaro, Gabriele"]
[Result "1-0"]
[WhiteElo "2203"]
[BlackElo "1941"]
[Annotator "Gabriele Ballarin"]
[PlyCount "113"]
[EventDate "2014.12.14"]
[EventType "swiss"]
[EventRounds "9"]
[EventCountry "ITA"]

1. e4 d5 2. exd5 Nf6 3. d4 Nxd5 4. Nf3 g6 5. c4 Nb6 6. Nc3 Bg7 7. h3 Nc6 8. Be3 O-O 9. Be2 Na5 10. b3 c5 11. Rc1 cxd4 12. Bxd4 Bh6 13. Ra1 Nc6 14. Bc5 Nd7 15. Ba3 Qa5 16. Bb2 Bg7 17. Qc1 Nde5 18. O-O Nxf3+ 19. Bxf3 Ne5 20. Be2 Bf5 21. Qe3 Nc6 22. Na4 Bxb2 23. Nxb2 Qe5 24. Qxe5 Nxe5 25. Rfd1 Rfd8 26. f4 Nc6 27. Bf3 Rac8 28. Kf2 b6 29. Rxd8+ Rxd8 30. Rd1 Rxd1 31. Nxd1 Nb4 32. Nc3 Nd3+ 33. Ke3 Nc5 34. b4 Na6 35. a3 Nc7 36. c5 bxc5 37. bxc5 Kf8 38. g4 Bd7 39. c6 Bc8 40. a4 Ba6 41. g5 Kg7 42. Kd4 f6 43. Bg4 Kf7 44. Nd5 Ne8 45. Bd7 Nd6 46. h4 Bc8 47. Bxc8 Nxc8 48. Kc5 fxg5 49. hxg5 Ke6 50. Ne3 Nd6 51. a5 Ne4+ 52. Kb5 Kd6 53. Nc4+ Kc7 54. Ne5 Nd6+ 55. Ka6 Nc8 56. Kb5 Nd6+ 57. Kc5 1-0

[Event "17.Città di Padova Open A"]
[Site "Padova"]
[Date "2014.12.16"]
[Round "4.26"]
[White "Krumm, Johannes"]
[Black "Mileto, Gabriele"]
[Result "1-0"]
[WhiteElo "2014"]
[BlackElo "2175"]
[Annotator "Gabriele Ballarin"]
[PlyCount "127"]
[EventDate "2014.12.14"]
[EventType "swiss"]
[EventRounds "9"]
[EventCountry "ITA"]

1. e4 c6 2. d4 d5 3. exd5 cxd5 4. Bd3 Nc6 5. c3 Qc7 6. Ne2 Nf6 7. Bf4 Qb6 8. Qb3 Qxb3 9. axb3 g6 10. Ng3 Bg7 11. b4 O-O 12. b5 Nd8 13. Be5 h5 14. O-O Ne6 15. Re1 h4 16. Nf1 Ng4 17. Bxg7 Kxg7 18. Ne3 Nf4 19. Bf1 Nf6 20. Nd2 g5 21. Ra4 a6 22. Rea1 Rb8 23. bxa6 bxa6 24. b4 Rb6 25. g3 Ng6 26. Bxa6 hxg3 27. hxg3 Bxa6 28. Rxa6 Rxa6 29. Rxa6 e6 30. f3 Rc8 31. Ra3 Nd7 32. c4 dxc4 33. Ndxc4 Rb8 34. Rb3 Ne7 35. b5 f5 36. f4 gxf4 37. gxf4 Ng6 38. Ne5 Ndxe5 39. fxe5 Ne7 40. Kf2 Rd8 41. Rb4 Kg6 42. Kf3 Kg5 43. Nc2 Rc8 44. Rb2 Nd5 45. Nb4 Rc3+ 46. Ke2 Rh3 47. Nd3 Nf4+ 48. Nxf4 Rh2+ 49. Kf3 Rxb2 50. Nxe6+ Kg6 51. Nc7 Rc2 52. Nd5 Kf7 53. Ne3 Rb2 54. Nxf5 Ke6 55. Ke4 Re2+ 56. Ne3 Kd7 57. Kd3 Re1 58. d5 Rb1 59. Kc4 Rc1+ 60. Kd4 Rb1 61. Kc5 Rc1+ 62. Nc4 Kc7 63. b6+ Kd7 64. e6+ 1-0

[Event "17.Città di Padova Open A"]
[Site "Padova"]
[Date "2014.12.16"]
[Round "4.27"]
[White "Ballarin, Gabriele"]
[Black "Movileanu, Daniela"]
[Result "0-1"]
[WhiteElo "1946"]
[BlackElo "2145"]
[Annotator "Gabriele Ballarin"]
[PlyCount "136"]
[EventDate "2014.12.14"]
[EventType "swiss"]
[EventRounds "9"]
[EventCountry "ITA"]

{[%mdl 8192] B23: Siciliana Chiusa: linee senza g3} 1. e4 c5 2. Nc3 Nc6 3. f4 g6 4. Bb5 Bg7 5. Bxc6 bxc6 6. d3 d6 {qui il Maestro Fide Femminile giunta in sala di torneo con mezza ora di ritardo mi ha chiesto la patta, in questa posizione che conoscevo e mi sentivo a mio agio ho rifiutato, in fondo sono venuto a fare esperienza coi professionisti non volevo solo guardare} 7. h3 (7. Nf3 {è la più giocata}) 7... e6 8. Nf3 Ne7 9. O-O O-O 10. Qe1 Rb8 11. b3 f5 12. e5 Nd5 13. Na4 Nb6 14. Nb2 d5 (14... Bb7 15. Nc4 Nxc4 16. dxc4 $14) 15. c4 Qe7 16. Qa5 a6 17. Na4 Nxa4 18. Qxa4 Qb7 (18... Bh6 19. Qa5 $16) 19. Bd2 (19. Ba3 $5 Qb6 20. cxd5 cxd5 $18) 19... Rd8 20. Ba5 Rd7 21. Rad1 d4 22. Qa3 Bf8 23. Rd2 h6 24. Re2 Rg7 25. Qc1 Bd7 26. g4 Be7 27. gxf5 gxf5+ 28. Kh2 Kh7 29. Rg1 Rbg8 30. Reg2 Rxg2+ 31. Rxg2 Rxg2+ 32. Kxg2 Qc8 33. Qe1 Qg8+ 34. Qg3 Be8 35. Qxg8+ Kxg8 36. Nd2 (36. Bc7 $5 $14) 36... Bh5 $11 37. Kf1 Kf7 38. Bb6 Ke8 39. b4 cxb4 40. Bxd4 c5 41. Be3 Kd7 42. Nb3 Kc6 43. Ke1 Kb6 44. d4 cxd4 45. Bxd4+ Kc6 46. Bf2 Kd7 47. Kd2 Bf3 48. Nc5+ Bxc5 49. Bxc5 a5 50. Bb6 Kc6 51. Bxa5 Kc5 {qui ho chiesto la patta ma dovevo muovere e ho fatto la scelta sbagliata rovinando una discreta partita} 52. Ke3 (52. a3 bxa3 53. Kc3 a2 54. Bb4+ Kc6 $11) 52... Be4 53. Bd8 (53. Kd2 $5 $15) 53... Kxc4 $17 54. Be7 Bb1 55. a4 $4 (55. Kd2 $142 $17) 55... b3 $19 56. Ba3 Kc3 57. a5 (57. Bc5 Be4 $19) 57... Bd3 58. Kf3 (58. h4 $19) 58... b2 59. Bxb2+ Kxb2 60. Kg3 Kc3 61. Kh4 Be2 62. a6 (62. Kg3 $19) 62... Bxa6 63. Kh5 Kd4 64. Kxh6 Ke4 65. Kg5 Be2 66. Kf6 Kxf4 67. Kxe6 Ke4 68. Kd6 f4 (68... f4 69. h4 f3 $19) 0-1

[Event "17.Città di Padova Open A"]
[Site "Padova"]
[Date "2014.12.16"]
[Round "4.28"]
[White "Goossens, Hanne"]
[Black "Bergamasco, Tommaso"]
[Result "1-0"]
[WhiteElo "2090"]
[BlackElo "2012"]
[Annotator "Gabriele Ballarin"]
[PlyCount "63"]
[EventDate "2014.12.14"]
[EventType "swiss"]
[EventRounds "9"]
[EventCountry "ITA"]

1. e4 e5 2. Nf3 d6 3. d4 Nf6 4. Nc3 Nbd7 5. Bc4 Be7 6. O-O O-O 7. Re1 c6 8. a4 h6 9. h3 Nh7 10. Be3 Ng5 11. Bb3 Nxf3+ 12. Qxf3 Bg5 13. Rad1 Kh8 14. Ne2 Qe7 15. Ng3 g6 16. c3 Kg7 17. Rf1 b6 18. Qe2 Bf4 19. Qd2 Ba6 20. Rfe1 Bxe3 21. Rxe3 Rad8 22. Rf3 Qg5 23. Nf5+ Kh7 24. Nxd6 Qxd2 25. Rxd2 f6 26. Nf7 Rb8 27. dxe5 Rxf7 28. Bxf7 Nxe5 29. Rxf6 Kg7 30. Rdd6 Rf8 31. Rxg6+ Nxg6 32. Bxg6 1-0

[Event "17.Città di Padova Open A"]
[Site "Padova"]
[Date "2014.12.16"]
[Round "4.29"]
[White "Pacini, Ermanno"]
[Black "Polese, Marco"]
[Result "1-0"]
[WhiteElo "2059"]
[BlackElo "1897"]
[Annotator "Gabriele Ballarin"]
[PlyCount "49"]
[EventDate "2014.12.14"]
[EventType "swiss"]
[EventRounds "9"]
[EventCountry "ITA"]

1. e4 e6 2. Qe2 c5 3. Nf3 Nc6 4. g3 Qc7 5. Bg2 d6 6. O-O Be7 7. c3 Bf6 8. Na3 a6 9. Nc2 Qb6 10. d4 cxd4 11. cxd4 Bd7 12. e5 Be7 13. exd6 Bxd6 14. d5 Nd8 15. Na3 Qc7 16. Rd1 Rc8 17. Bg5 f6 18. dxe6 Nxe6 19. Nd4 Kf7 20. Rac1 Nxd4 21. Rxd4 Bc6 22. Bxc6 bxc6 23. Rcd1 Rd8 24. Bf4 Qe7 25. Qc4+ 1-0

[Event "17.Città di Padova Open A"]
[Site "Padova"]
[Date "2014.12.16"]
[Round "4.30"]
[White "Benetti, Lorenzo"]
[Black "Gallo, Enrico"]
[Result "1/2-1/2"]
[WhiteElo "1854"]
[BlackElo "1982"]
[Annotator "Gabriele Ballarin"]
[PlyCount "33"]
[EventDate "2014.12.14"]
[EventType "swiss"]
[EventRounds "9"]
[EventCountry "ITA"]

1. d4 d5 2. c4 c6 3. cxd5 cxd5 4. Nc3 Nf6 5. Bf4 e6 6. e3 Bd6 7. Bxd6 Qxd6 8. Bd3 O-O 9. f4 a6 10. Nf3 b5 11. O-O Bb7 12. a3 Nbd7 13. Ne5 Ne4 14. Rc1 Rac8 15. Bxe4 dxe4 16. Nxd7 Qxd7 17. Qb3 1/2-1/2

[Event "17.Città di Padova Open A"]
[Site "Padova"]
[Date "2014.12.16"]
[Round "4.31"]
[White "Baschirotto, Marco Dante"]
[Black "Fregonese, Giulio"]
[Result "0-1"]
[WhiteElo "1903"]
[BlackElo "2129"]
[Annotator "Gabriele Ballarin"]
[PlyCount "112"]
[EventDate "2014.12.14"]
[EventType "swiss"]
[EventRounds "9"]
[EventCountry "ITA"]

1. d4 Nf6 2. Nf3 c5 3. e3 b6 4. c4 cxd4 5. Nxd4 Bb7 6. Nc3 g6 7. Nf3 Bg7 8. Be2 d6 9. O-O Nbd7 10. Nd5 O-O 11. Rb1 Rc8 12. b3 Nxd5 13. cxd5 Nf6 14. Bc4 b5 15. Bxb5 Nxd5 16. Bb2 Nc3 17. Bxc3 Rxc3 18. Rc1 Rxc1 19. Qxc1 Qa5 20. Ba4 Rc8 21. Qb1 Qc3 22. b4 e6 23. Qb3 Bd5 24. Qxc3 Rxc3 25. Be8 Kf8 26. Bb5 Bxa2 27. h3 d5 28. Ra1 Ra3 29. Rc1 Bc3 30. Nd4 Bxb4 31. Rc8+ Kg7 32. Rc7 Bd6 33. Rd7 Bb4 34. Nc6 Kf6 35. Nd4 Bc5 36. Rc7 Bb6 37. Rc6 Ke7 38. g4 Ra5 39. Bd3 Rc5 40. Bb5 Bc4 41. Ba4 Rxc6 42. Nxc6+ Kd6 43. Nd4 f6 44. f4 Kc5 45. h4 a5 46. Nc2 Bd3 47. Nd4 Kb4 48. Bd1 Kc3 49. Kf2 Bxd4 50. exd4 Kxd4 51. h5 gxh5 52. g5 fxg5 53. fxg5 Bg6 54. Kf3 Kc3 55. Ke3 d4+ 56. Ke2 h4 0-1

[Event "17.Città di Padova Open A"]
[Site "Padova"]
[Date "2014.12.16"]
[Round "4.32"]
[White "Pompili, Ugo"]
[Black "Redo, Giorgio"]
[Result "0-1"]
[WhiteElo "1841"]
[BlackElo "2084"]
[Annotator "Gabriele Ballarin"]
[PlyCount "94"]
[EventDate "2014.12.14"]
[EventType "swiss"]
[EventRounds "9"]
[EventCountry "ITA"]

{[%mdl 64] Caro-Kann: Variante del cambio e Attacco Panov-Botvinnik} 1. Nf3 f5 2. e4 fxe4 3. Ng5 Nf6 4. d3 d5 5. dxe4 h6 6. e5 hxg5 7. exf6 gxf6 8. Be2 Be6 9. Bh5+ Bf7 10. Bxf7+ Kxf7 11. O-O e5 12. Nc3 c6 13. Qe2 Bd6 14. g3 Nd7 15. b3 b5 16. Bb2 Bc5 17. Rad1 Qe7 18. Nxb5 cxb5 19. Rxd5 a6 20. Qf3 Kg7 21. Qf5 Rad8 22. Re1 Bd6 23. Red1 Nb6 24. R5d3 Bc5 25. Re1 Rxd3 26. cxd3 Qd7 27. Qxd7+ Nxd7 28. d4 exd4 29. Bxd4 Kg6 30. Bxc5 Nxc5 31. Rc1 Nd3 32. Rc6 Ra8 33. a3 g4 34. Kf1 Ne5 35. Rb6 Nf3 36. Ke2 Nxh2 37. Ke3 Kf5 38. Kd4 Nf3+ 39. Kc5 Nd2 40. Kc6 Ra7 41. Rb7 Rxb7 42. Kxb7 Nxb3 43. Kxa6 Nd4 44. Kb6 Ke5 45. Kc5 Nc2 46. Kxb5 Nxa3+ 47. Kb4 Ke4 0-1

[Event "17.Città di Padova Open A"]
[Site "Padova"]
[Date "2014.12.16"]
[Round "4.33"]
[White "Hocevar, Nikola"]
[Black "Desideri, Alessandro"]
[Result "1-0"]
[WhiteElo "1913"]
[BlackElo "1837"]
[Annotator "Gabriele Ballarin"]
[PlyCount "75"]
[EventDate "2014.12.14"]
[EventType "swiss"]
[EventRounds "9"]
[EventCountry "ITA"]

1. d4 f5 2. g4 fxg4 3. e4 d5 4. e5 Bf5 5. Bg2 h5 6. Nc3 e6 7. Be3 Nc6 8. h3 g6 9. hxg4 Bxg4 10. f3 Bf5 11. Qd2 Qd7 12. Nge2 Na5 13. b3 Bb4 14. a3 Be7 15. Ng3 Nc6 16. Nce2 Bf8 17. Nxf5 gxf5 18. c4 dxc4 19. bxc4 O-O-O 20. f4 Nh6 21. d5 Qg7 22. Bf3 Ng4 23. Qc3 Nxe3 24. Qxe3 b6 25. dxc6 Bc5 26. Qb3 Rd6 27. Rb1 Rd4 28. Qa4 a5 29. Qb5 Rxf4 30. Rd1 Bf2+ 31. Kf1 Bd4 32. Qa6+ Kd8 33. Nxd4 Qxe5 34. Ne2+ Ke8 35. Qc8+ Kf7 36. Qd7+ Kf6 37. Nxf4 Qxf4 38. Qd4+ 1-0

[Event "17.Città di Padova Open A"]
[Site "Padova"]
[Date "2014.12.16"]
[Round "4.34"]
[White "Zangrando, Gianpietro"]
[Black "Bordignon, Angelo"]
[Result "1/2-1/2"]
[WhiteElo "1867"]
[BlackElo "1808"]
[Annotator "Gabriele Ballarin"]
[PlyCount "66"]
[EventDate "2014.12.14"]
[EventType "swiss"]
[EventRounds "9"]
[EventCountry "ITA"]

1. Nf3 g6 2. c4 Bg7 3. Nc3 d6 4. d4 Nf6 5. e4 O-O 6. h3 Na6 7. Rb1 e5 8. d5 Nc5 9. Qc2 a5 10. Be3 Ncxe4 11. Nxe4 Nxe4 12. Bd3 Nf6 13. O-O e4 14. Bxe4 Nxe4 15. Qxe4 Bf5 16. Qf4 Bxb1 17. Rxb1 Qf6 18. Qg3 Rae8 19. b3 Qf5 20. Rd1 Qc2 21. Rf1 Qd3 22. Bf4 Rd8 23. Qh4 Qf5 24. Bg5 Ra8 25. Nh2 f6 26. Be3 Qh5 27. Qf4 Qe5 28. Qh4 f5 29. Nf3 Qf6 30. Bg5 Qc3 31. Bf4 Qf6 32. Bg5 Qb2 33. Be3 Qf6 1/2-1/2

[Event "17.Città di Padova Open A"]
[Site "Padova"]
[Date "2014.12.17"]
[Round "5.13"]
[White "Aghayev, Miragha"]
[Black "Vezzosi, Paolo"]
[Result "1/2-1/2"]
[WhiteElo "2372"]
[BlackElo "2291"]
[Annotator "Gabriele Ballarin"]
[PlyCount "33"]
[EventDate "2014.12.14"]
[EventType "swiss"]
[EventRounds "9"]
[EventCountry "ITA"]

1. e4 e5 2. Nf3 Nc6 3. Bb5 a6 4. Ba4 Nf6 5. Bxc6 dxc6 6. d3 Bd6 7. Nbd2 b5 8. Nf1 O-O 9. Ng3 Re8 10. O-O h6 11. h3 c5 12. Qe2 Nh7 13. Nh2 Qh4 14. Nf3 Qe7 15. Nh2 Qh4 16. Nf3 Qe7 17. Nh2 1/2-1/2

[Event "17.Città di Padova Open A"]
[Site "Padova"]
[Date "2014.12.17"]
[Round "5.14"]
[White "Boscolo, Federico Meneguolo"]
[Black "Basso, Pier Luigi"]
[Result "1/2-1/2"]
[WhiteElo "2303"]
[BlackElo "2359"]
[Annotator "Gabriele Ballarin"]
[PlyCount "77"]
[EventDate "2014.12.14"]
[EventType "swiss"]
[EventRounds "9"]
[EventCountry "ITA"]

1. e4 c5 2. Nf3 d6 3. d4 Nf6 4. Bb5+ Bd7 5. Bxd7+ Qxd7 6. dxc5 Nxe4 7. cxd6 Qxd6 8. Qe2 Nf6 9. Nc3 a6 10. O-O Nbd7 11. Ne4 Qc7 12. Bg5 e6 13. Rad1 Be7 14. Bh4 O-O 15. Bg3 Qb6 16. c4 Nxe4 $11 17. Qxe4 Nc5 18. Qe2 Rad8 19. b3 a5 20. Nd4 a4 21. Qe3 Nxb3 22. axb3 Bc5 23. Be5 f6 24. Bc7 Qxc7 25. Nxe6 Bxe3 26. Nxc7 Bb6 27. Nd5 Bc5 28. bxa4 Ra8 29. Ra1 Ra7 30. Rfe1 b6 31. g3 Rfa8 32. Rab1 Rxa4 33. Nxb6 Bxb6 34. Rxb6 Rxc4 35. Rb7 Kh8 36. Ree7 Rg8 37. h4 Rcc8 38. h5 h6 39. Kg2 $11 1/2-1/2

[Event "17.Città di Padova Open A"]
[Site "Padova"]
[Date "2014.12.17"]
[Round "5.15"]
[White "Borgo, Giulio"]
[Black "Santolini, Luigi"]
[Result "1-0"]
[WhiteElo "2357"]
[BlackElo "2117"]
[Annotator "Gabriele Ballarin"]
[PlyCount "85"]
[EventDate "2014.12.14"]
[EventType "swiss"]
[EventRounds "9"]
[EventCountry "ITA"]

1. e4 e6 2. d3 c5 3. Nf3 Nc6 4. Qe2 d6 5. c3 Qc7 6. Na3 a6 7. d4 cxd4 8. cxd4 d5 9. e5 Bb4+ 10. Bd2 Nge7 11. Nc2 Bxd2+ 12. Qxd2 O-O 13. Bd3 f6 14. exf6 Rxf6 15. O-O Bd7 16. Rae1 Be8 17. Ng5 Rh6 18. f4 Bd7 19. Be2 Rf8 20. Bg4 Nd8 21. g3 Rhf6 22. Rf3 h6 23. Rc3 Qb6 24. Nf3 Nec6 25. b3 Re8 26. Rce3 Nf7 27. Qc3 Nd6 28. Ne5 Bc8 29. Nxc6 bxc6 30. Nb4 Ne4 31. Qxc6 Qxc6 32. Nxc6 Rff8 33. Bh5 Bd7 34. Bxe8 Rxe8 35. Ne5 Rd8 36. Rc1 Be8 37. Re2 Rb8 38. Rec2 Rb4 39. Rc8 Nf6 40. g4 g5 41. fxg5 hxg5 42. Rf1 Kg7 43. Rc7+ 1-0

[Event "17.Città di Padova Open A"]
[Site "Padova"]
[Date "2014.12.17"]
[Round "5.16"]
[White "Petkov, Vladimir"]
[Black "Santeramo, Alessia Carmen"]
[Result "1-0"]
[WhiteElo "2525"]
[BlackElo "2203"]
[Annotator "Gabriele Ballarin"]
[PlyCount "59"]
[EventDate "2014.12.14"]
[EventType "swiss"]
[EventRounds "9"]
[EventCountry "ITA"]

1. d4 Nf6 2. c4 c5 3. d5 e5 4. Nc3 d6 5. e4 Be7 6. g3 Nbd7 7. Bg2 a6 8. a4 O-O 9. Nge2 Ne8 10. O-O g6 11. Bd2 Ng7 12. a5 f5 13. exf5 gxf5 14. Na4 Bf6 15. b4 f4 16. bxc5 Nxc5 17. Nxc5 dxc5 18. Ra3 Bg5 19. Nc3 Bf5 20. Ne4 Bxe4 21. Bxe4 Qe7 22. Rb3 Rad8 23. Bc3 Rd7 24. Re1 Kh8 25. Qc2 Ne8 26. Bf5 Bf6 27. Bxd7 Qxd7 28. Rxe5 Bxe5 29. Bxe5+ Ng7 30. gxf4 1-0

[Event "17.Città di Padova Open A"]
[Site "Padova"]
[Date "2014.12.17"]
[Round "5.17"]
[White "Lazic, Miroljub"]
[Black "Goossens, Hanne"]
[Result "1-0"]
[WhiteElo "2459"]
[BlackElo "2090"]
[Annotator "Gabriele Ballarin"]
[PlyCount "77"]
[EventDate "2014.12.14"]
[EventType "swiss"]
[EventRounds "9"]
[EventCountry "ITA"]

1. g3 c5 2. c4 Nc6 3. Bg2 g6 4. Nc3 Bg7 5. e3 e6 6. Nge2 Nge7 7. O-O O-O 8. Nf4 a6 9. d3 Rb8 10. Rb1 b5 11. Ne4 d6 12. b3 Qc7 13. Bb2 e5 14. Ne2 Be6 15. f4 f5 16. Ng5 Bd7 17. Nc3 h6 18. Nf3 bxc4 19. dxc4 e4 20. Ne1 Be6 21. Rf2 Rfd8 22. Nd5 Bxd5 23. cxd5 Nb4 24. Bf1 Bxb2 25. Rbxb2 Kg7 26. Bc4 Qa5 27. Rbd2 Qa3 28. g4 Rf8 29. Ng2 Kh7 30. h3 Rf7 31. Nh4 Rbf8 32. Rg2 Rg7 33. Rg3 Rfg8 34. Kh2 Rf8 35. Rdg2 Rfg8 36. Qg1 fxg4 37. Rxg4 Qa5 38. f5 g5 39. f6 1-0